[Event "NCL978b Guildford2-Kings Head"]
[Site "Rd9"]
[Date "1998.05.23"]
[Round "9.7"]
[White "Bimbatti, Gian"]
[Black "Compton, Alastair"]
[Result "0-1"]
[WhiteElo "1808"]
[BlackElo "1828"]
[PlyCount "32"]
[EventDate "1998.05.23"]

1. e4 e5 2. Nf3 f5 3. Nc3 fxe4 4. Nxe4 d5 5. Ng3 Nc6 6. Bb5 Bd6 7. d3 Nf6 8.
Bg5 O-O 9. Qd2 Bg4 10. Bxc6 bxc6 11. O-O-O Qc8 12. Rdg1 Qa6 13. Kb1 Rab8 14. h3
{#} Bxf3 15. gxf3 Rxb2+ 16. Kxb2 Qa3+ 0-1

[Event "NCL978b Guildford2-Kings Head"]
[Site "Rd9"]
[Date "1998.05.23"]
[Round "9.8"]
[White "Suzuki, Layla"]
[Black "Lusher, Claire"]
[Result "0-1"]
[WhiteElo "1120"]
[BlackElo "1472"]
[PlyCount "84"]
[EventDate "1998.05.23"]

1. d4 d5 2. Nf3 Nf6 3. c4 dxc4 4. Nc3 Bf5 5. a4 e6 6. e3 Bb4 7. Bd2 O-O 8. Bxc4
c5 9. O-O Nc6 10. dxc5 Bxc5 11. Ne2 Qb6 12. Bc3 Rfd8 13. Qc1 Ne4 14. h3 Nxc3
15. Nxc3 Na5 16. b3 Nxc4 17. bxc4 Bd3 18. Rd1 Bxc4 19. Ne4 Rxd1+ 20. Qxd1 Bd5
21. Nxc5 Qxc5 22. Rc1 Bxf3 23. gxf3 Qg5+ 24. Kh2 Qh4 25. Kg2 Rd8 26. Qb3 b6 27.
Rc4 Qg5+ 28. Kh2 h6 29. Qc3 h5 30. Rc7 Qd5 31. Kg2 Qa2 32. Qc4 Qxc4 33. Rxc4
Rd7 34. f4 Kf8 35. Kf3 Ke7 36. h4 Kd8 37. Rd4 Rxd4 38. exd4 Kc7 39. Ke3 Kc6 40.
Kd3 Kd5 41. Kc3 a6 42. Kd3 b5 0-1

[Event "NCL978b Simpsons-Witney"]
[Site "Rd9"]
[Date "1998.05.23"]
[Round "9.1"]
[White "Norwood, David"]
[Black "Hunt, Adam"]
[Result "1-0"]
[WhiteElo "2515"]
[BlackElo "2255"]
[PlyCount "67"]
[EventDate "1998.05.23"]

1. Nf3 Nf6 2. g3 g6 3. Bg2 Bg7 4. O-O O-O 5. c4 d6 6. Nc3 Nbd7 7. d3 e5 8. Rb1
Re8 9. b4 h6 10. e4 Nf8 11. h3 Ne6 12. Be3 Nh7 13. Qd2 Nhg5 14. Nh2 f5 15. exf5
gxf5 16. f4 exf4 17. gxf4 Nh7 18. Kh1 c6 19. d4 Qf6 20. Rg1 Kh8 21. Nf3 Nef8
22. c5 Ng6 23. cxd6 Qxd6 24. Ne5 Nxe5 25. fxe5 Qe6 26. Ne2 Rd8 27. d5 {#} Qxe5
28. Bd4 Rxd5 29. Bxd5 Qxd5+ 30. Rg2 Bxd4 31. Qxd4+ Qxd4 32. Nxd4 Ng5 33. h4 Ne6
$2 (33... Ne4) 34. Rbg1 1-0

[Event "NCL978b Simpsons-Witney"]
[Site "Rd9"]
[Date "1998.05.23"]
[Round "9.2"]
[White "Cooksey, Paul"]
[Black "Hennigan, Michael"]
[Result "1-0"]
[WhiteElo "2185"]
[BlackElo "2415"]
[PlyCount "155"]
[EventDate "1998.05.23"]

1. d4 Nf6 2. c4 g6 3. Nc3 Bg7 4. e4 d6 5. f3 O-O 6. Nge2 Nc6 7. Bg5 a6 8. Qc2
Rb8 9. Rd1 Bd7 10. Nc1 e5 11. dxe5 dxe5 12. Nb3 h6 13. Be3 Qc8 14. Be2 Be6 15.
O-O b6 16. Nd5 Nd7 17. c5 b5 18. Qd2 Kh7 19. Rc1 Rd8 20. Na5 Nxa5 21. Qxa5 c6
22. Nb4 Ra8 23. Rfd1 Bf8 24. Nd3 Qb8 25. b3 Be7 26. f4 f6 27. Qe1 a5 28. Qg3
Rf8 $2 29. f5 $1 {#} gxf5 30. Qh3 Rf7 31. Bh5 Rg7 32. exf5 Bd5 33. Bg6+ Kg8 34.
Bxh6 Nf8 35. Bxg7 Kxg7 36. Nf2 $2 Nxg6 37. fxg6 Qh8 38. Qd7 Qe8 39. Qxe8 Rxe8
40. Ng4 Kxg6 41. Ne3 Be6 42. g4 Kg5 43. Kf2 a4 44. bxa4 bxa4 45. Rc2 Kf4 46. h3
Rb8 47. Ng2+ Kg5 48. Kg3 Rb4 49. Ne3 Re4 50. Nf5 Bxf5 51. gxf5 Kxf5 52. Rd7 Bf8
53. Rc7 Bh6 54. Rxc6 Bf4+ 55. Kg2 Re3 56. Ra6 Rg3+ 57. Kf1 Rxh3 58. Rxa4 Rh1+
59. Ke2 Rh2+ 60. Kd3 e4+ 61. Kc3 Be5+ 62. Kb3 Rh8 63. Re2 Rh3+ 64. Kc4 Rc3+ 65.
Kb5 e3 66. Rc4 Rxc4 67. Kxc4 Ke4 68. a4 Bc7 69. Ra2 f5 70. a5 f4 71. a6 Bb8 72.
c6 f3 73. c7 f2 74. Ra1 e2 75. cxb8=Q f1=Q 76. Qe8+ Kf3 77. Qf7+ Kg2 78. Qxf1+
1-0

[Event "NCL978b Simpsons-Witney"]
[Site "Rd9"]
[Date "1998.05.23"]
[Round "9.3"]
[White "Mortazavi, Ali"]
[Black "Devereaux, Maxim"]
[Result "1/2-1/2"]
[WhiteElo "2385"]
[BlackElo "2264"]
[PlyCount "90"]
[EventDate "1998.05.23"]

1. e4 c5 2. c3 Nf6 3. e5 Nd5 4. d4 cxd4 5. Nf3 e6 6. Bc4 Nb6 7. Bb3 d6 8. exd6
Qxd6 9. cxd4 Bd7 10. Nc3 Bc6 11. O-O N8d7 12. Re1 Be7 13. d5 Nxd5 14. Nxd5 Bxd5
15. Bxd5 Qxd5 16. Qxd5 exd5 17. Bf4 Nc5 18. Rad1 Ne6 19. Be3 O-O 20. Rxd5 Rfd8
{(Draw offer)} 21. Rxd8+ Rxd8 22. Bxa7 Ra8 23. Bd4 Rxa2 24. Be5 f6 25. Bc3 Kf7
26. g3 b5 27. Nd4 Nxd4 28. Bxd4 Ra4 29. Rd1 Rc4 30. Kg2 Ke6 31. b3 Rc2 32. Ra1
Kd5 33. Ra7 Bd6 34. Be3 Rc7 35. Ra5 Rb7 36. Ra8 Rd7 37. Rc8 Ke4 38. h4 g6 39.
Rc6 Be5 40. Rb6 Rd5 41. Rb7 h5 42. Rg7 Kf5 43. Rb7 Ke4 44. Rg7 Kf5 45. Rb7 Ke4
1/2-1/2

[Event "NCL978b Simpsons-Witney"]
[Site "Rd9"]
[Date "1998.05.23"]
[Round "9.4"]
[White "Headlong, Tim"]
[Black "Tozer, Richard"]
[Result "1/2-1/2"]
[WhiteElo "2260"]
[BlackElo "2305"]
[PlyCount "61"]
[EventDate "1998.05.23"]

1. Nf3 f5 2. d4 Nf6 3. g3 g6 4. b3 Bg7 5. Bb2 O-O 6. Bg2 d6 7. O-O Na6 8. c4 c5
9. e3 Bd7 10. Qe2 Qe8 11. Na3 Ne4 12. Nd2 Nxd2 13. Qxd2 Bc6 14. d5 Bxb2 15.
Qxb2 Bd7 16. f4 Nc7 17. Rae1 Qf7 18. e4 fxe4 19. Rxe4 Qf6 20. Qe2 e6 21. dxe6
Nxe6 22. Nc2 Rae8 23. Re1 Nd8 24. Qd2 Rxe4 25. Bxe4 Re8 26. Bd5+ Kf8 27. Rxe8+
Kxe8 28. Ne1 Bc6 29. Bxc6+ Nxc6 30. Nf3 Kd7 31. Kg2 1/2-1/2

[Event "NCL978b Simpsons-Witney"]
[Site "Rd9"]
[Date "1998.05.23"]
[Round "9.5"]
[White "Wade, Robert"]
[Black "Haydon, Richard"]
[Result "0-1"]
[WhiteElo "2220"]
[BlackElo "2180"]
[PlyCount "62"]
[EventDate "1998.05.23"]

1. d4 d6 2. Nf3 g6 3. b3 Bg7 4. Bb2 Nf6 5. e3 O-O 6. Nbd2 Nbd7 7. Bc4 e5 8.
dxe5 Ng4 9. e6 Bxb2 10. exd7 Bxd7 11. Rb1 Bg7 12. O-O c6 13. Ne4 d5 14. Nc5 Bc8
15. Be2 Re8 16. b4 Qe7 17. Rb3 a5 18. a3 axb4 19. axb4 b6 20. Nd3 Nf6 21. Nf4
Bb7 22. c4 dxc4 23. Bxc4 Ne4 24. Qc2 Rac8 25. h4 b5 26. Bd3 c5 27. bxc5 Rxc5
28. Qa2 Nc3 29. Qa5 Bxf3 30. gxf3 Qxh4 31. Ng2 Qh3 0-1

[Event "NCL978b Simpsons-Witney"]
[Site "Rd9"]
[Date "1998.05.23"]
[Round "9.6"]
[White "Rose, Matthew"]
[Black "Hennigan, Rita"]
[Result "1-0"]
[WhiteElo "2176"]
[BlackElo "2225"]
[PlyCount "83"]
[EventDate "1998.05.23"]

1. e4 c5 2. c3 d5 3. exd5 Qxd5 4. d4 Nf6 5. Nf3 e6 6. Na3 Qd8 7. Bf4 cxd4 8.
Nxd4 Be7 9. Bd3 O-O 10. Nc4 a6 11. a4 Re8 12. O-O Nd5 13. Bg3 Nd7 14. Bc2 N7f6
15. a5 Bd7 16. Ne5 Rc8 17. Re1 g6 18. Nxd7 Nxd7 {#} 19. Rxe6 Rc5 20. Re1 Rxa5
21. Rb1 N5f6 22. b4 Rh5 23. Qf3 Qc8 24. Bb3 Nb8 25. Rxe7 Rxe7 26. Qxf6 Qe8 27.
Rf1 Nd7 28. Qd6 Ne5 29. f4 Nc6 30. Nxc6 bxc6 31. f5 Rxf5 32. Rxf5 gxf5 33. h3
Re4 34. Bf2 f4 35. Bc2 Re1+ 36. Kh2 Re2 37. Qxf4 Qe5 38. Qxe5 Rxe5 39. Bd4 Re2
40. Bd3 Rd2 41. Bxa6 f5 42. Kg3 1-0

[Event "NCL978b Simpsons-Witney"]
[Site "Rd9"]
[Date "1998.05.23"]
[Round "9.7"]
[White "Chan, Nevil"]
[Black "Elliott, Sean"]
[Result "1/2-1/2"]
[WhiteElo "2016"]
[BlackElo "2064"]
[PlyCount "80"]
[EventDate "1998.05.23"]

1. b3 d5 2. Bb2 Nf6 3. f4 c5 4. Nf3 Nc6 5. e3 e6 6. Bb5 Bd7 7. O-O Be7 8. Bxc6
Bxc6 9. Ne5 Rc8 10. d3 b6 11. Qf3 Bb7 12. Nd2 O-O 13. Qh3 d4 14. e4 b5 15. Ndf3
h6 16. g4 Nd7 17. Nxd7 Qxd7 18. g5 hxg5 19. fxg5 Qd6 20. a4 a6 21. axb5 axb5
22. Ra7 Rc7 23. Bc1 g6 24. Ne5 Qb6 25. Rxb7 Rxb7 26. Ng4 f6 27. gxf6 Bd8 28.
Nh6+ (28. Qh6 $18) 28... Kh8 29. Ng4+ (29. f7 $18) 29... Kg8 30. f7+ Rbxf7 31.
Nh6+ Kg7 32. Rxf7+ Rxf7 33. Nxf7 Kxf7 34. Qh7+ Ke8 35. Qxg6+ Kd7 36. Qf7+ Kc8
37. Kg2 Bc7 38. h4 Qd6 39. Qe8+ Kb7 40. Qxb5+ Kc8 1/2-1/2

[Event "NCL978b Simpsons-Witney"]
[Site "Rd9"]
[Date "1998.05.23"]
[Round "9.8"]
[White "Headlong, Fenella"]
[Black "Houska, Mario"]
[Result "1-0"]
[WhiteElo "1824"]
[BlackElo "1624"]
[PlyCount "79"]
[EventDate "1998.05.23"]

1. e4 d5 2. exd5 Qxd5 3. Nc3 Qa5 4. d4 Nf6 5. Bc4 Bg4 6. f3 Bh5 7. Nge2 c6 8.
O-O e6 9. Ng3 Bg6 10. Kh1 Bd6 11. f4 Nbd7 12. Qe2 Bh5 {(Draw offer)} 13. Nxh5
Qxh5 14. Ne4 Bc7 15. Qxh5 Nxh5 16. f5 exf5 17. Rxf5 Nhf6 18. Nxf6+ gxf6 19. Bh6
Bd6 20. Re1+ Be7 21. Rf3 b5 22. Bb3 c5 23. dxc5 Ne5 24. Rc3 Rc8 25. Bf4 h5 26.
Bxe5 fxe5 27. Rxe5 Kf8 28. Rf5 f6 29. c6 Rd8 30. g3 h4 31. Kg2 Rd2+ 32. Rf2
Rxf2+ 33. Kxf2 hxg3+ 34. hxg3 b4 35. c7 bxc3 36. c8=Q+ Kg7 37. Qg4+ Kf8 38.
Qc8+ Kg7 39. Qxc3 Bc5+ 40. Qxc5 1-0

[Event "NCL978b Wessex-Nidum Kts"]
[Site "Rd9"]
[Date "1998.05.23"]
[Round "9.1"]
[White "Rossiter, Philip"]
[Black "Williams, Leighton"]
[Result "1/2-1/2"]
[WhiteElo "2370"]
[BlackElo "2240"]
[PlyCount "40"]
[EventDate "1998.05.23"]

1. d4 Nf6 2. Nf3 g6 3. Bf4 Bg7 4. e3 O-O 5. Nbd2 d6 6. Bc4 Nc6 7. O-O Qe8 8. c3
e5 9. dxe5 dxe5 10. Bg5 h6 11. Bxf6 Bxf6 12. Bb5 a6 13. Ba4 Bg7 14. Ne4 Be6 15.
Qe2 b6 16. Rfd1 Kh8 17. c4 Bd7 18. Nc3 Rd8 19. Bxc6 Bxc6 20. e4 Qe6 1/2-1/2

[Event "NCL978b Wessex-Nidum Kts"]
[Site "Rd9"]
[Date "1998.05.23"]
[Round "9.2"]
[White "Walsh, Chris"]
[Black "Neil, David"]
[Result "1/2-1/2"]
[WhiteElo "2190"]
[BlackElo "2265"]
[PlyCount "56"]
[EventDate "1998.05.23"]

1. e4 Nf6 2. e5 Nd5 3. d4 d6 4. Nf3 dxe5 5. Nxe5 g6 6. Bc4 c6 7. Nc3 Bg7 8. O-O
O-O 9. Qf3 Be6 10. Ne4 Nc7 11. Bxe6 Nxe6 12. c3 c5 13. Ng5 Nxg5 14. Qxb7 Qb6
15. Qxa8 Bxe5 16. Qd5 Bf6 17. Bxg5 Rd8 18. dxc5 Qa5 19. Qb7 Bxg5 20. Rad1 Re8
21. Rd5 Bf4 22. g3 e6 23. Re1 Qc7 24. Qb5 Rc8 25. Rd4 Be5 26. Rd3 Bf6 27. b4
Nc6 28. Qa6 Ne5 1/2-1/2

[Event "NCL978b Wessex-Nidum Kts"]
[Site "Rd9"]
[Date "1998.05.23"]
[Round "9.3"]
[White "Corkett, Anthony"]
[Black "Bennett, Alan"]
[Result "1-0"]
[WhiteElo "2295"]
[BlackElo "2100"]
[PlyCount "53"]
[EventDate "1998.05.23"]

1. d4 d5 2. Nf3 e6 3. g3 c5 4. Bg2 Nc6 5. O-O Nf6 6. a3 cxd4 7. Nxd4 Be7 8. c4
Nxd4 9. Qxd4 O-O 10. Nc3 dxc4 11. Qxc4 a6 12. Rd1 Qa5 13. b4 Qh5 14. Qc7 Re8
15. Bf3 Qh3 16. Bb2 h5 17. Bg2 Qf5 18. e4 Qg4 19. Na4 e5 20. Nb6 Ra7 21. f3 Qe6
22. Rac1 Bd7 23. Nxd7 Qb3 24. Nxf6+ Bxf6 25. Qc3 Qe6 26. Qc4 Qb6+ 27. Qc5 1-0

[Event "NCL978b Wessex-Nidum Kts"]
[Site "Rd9"]
[Date "1998.05.23"]
[Round "9.4"]
[White "Morris, Gareth"]
[Black "Yeo, Michael"]
[Result "0-1"]
[WhiteElo "2150"]
[BlackElo "2210"]
[PlyCount "56"]
[EventDate "1998.05.23"]

1. d4 d5 2. c4 Nc6 3. e3 e5 4. cxd5 Qxd5 5. Nc3 Bb4 6. Bd2 Bxc3 7. bxc3 Qd6 8.
Bd3 Nge7 9. Ne2 O-O 10. O-O f5 11. Rb1 Rb8 12. Bc1 Be6 13. Qa4 Qd7 14. Bc2 Qe8
15. c4 exd4 16. exd4 Bd7 17. Qa3 Ng6 18. Be3 Qe7 19. Qc3 f4 20. Bxg6 fxe3 21.
Bd3 Rxf2 22. Rxf2 exf2+ 23. Kxf2 Bg4 24. Re1 Qf6+ 25. Ke3 Qh6+ 26. Nf4 Re8+ 27.
Be4 Qxh2 28. Qd2 Qg3# 0-1

[Event "NCL978b Wessex-Nidum Kts"]
[Site "Rd9"]
[Date "1998.05.23"]
[Round "9.5"]
[White "Upton, Ian"]
[Black "Cleveland, Richard"]
[Result "1-0"]
[WhiteElo "2245"]
[BlackElo "2045"]
[PlyCount "103"]
[EventDate "1998.05.23"]

1. d4 d6 2. e4 e5 3. dxe5 dxe5 4. Qxd8+ Kxd8 5. Bc4 Be6 6. Bxe6 fxe6 7. Nf3 Nc6
8. O-O Bd6 9. Be3 Nf6 10. Nbd2 Ke7 11. Ne1 Rhf8 12. f3 Rad8 13. Nc4 h6 14. Nd3
Nd7 15. Rf2 Nb6 16. Nxd6 cxd6 17. b3 Rc8 18. Rd2 Nd4 19. Ne1 Nc6 20. c4 Rfd8
21. Rad1 Rd7 22. Nc2 Rcd8 23. Kf2 Nc8 24. Ke1 Kf7 25. Rd3 N6e7 26. Nb4 Ng6 27.
g3 Nf8 28. Ke2 Nh7 29. c5 Nf6 30. cxd6 a5 31. Nc2 Rxd6 32. Rxd6 Rxd6 33. Rxd6
Nxd6 34. Bb6 a4 35. bxa4 Nd7 36. Bc7 Nc4 37. Ne3 Nb2 38. Ng4 Nxa4 39. Nxe5+
Nxe5 40. Bxe5 g6 41. Bd4 Ke7 42. Kd3 Kd6 43. f4 Nc5+ 44. Bxc5+ Kxc5 45. Kc3 h5
46. a4 Kb6 47. Kb4 Kc6 48. h3 Kd6 49. g4 h4 50. Kb5 g5 51. fxg5 Ke5 52. Kb6 1-0

[Event "NCL978b Wessex-Nidum Kts"]
[Site "Rd9"]
[Date "1998.05.23"]
[Round "9.6"]
[White "Musson, Adam"]
[Black "Noyce, Robert"]
[Result "1/2-1/2"]
[WhiteElo "2109"]
[BlackElo "2175"]
[PlyCount "50"]
[EventDate "1998.05.23"]

1. d4 g6 2. e4 Bg7 3. Nf3 c6 4. Bd3 d5 5. e5 Bg4 6. O-O e6 7. c3 Nd7 8. Bf4 Ne7
9. Nbd2 c5 10. h3 Bxf3 11. Nxf3 Nc6 12. Qd2 Qb6 13. dxc5 Qxc5 14. Rfe1 Qb6 15.
Re2 Qc7 16. Rae1 h6 17. c4 dxc4 18. Bxc4 g5 19. Bg3 Rd8 20. Qe3 Qb6 21. Qxb6
Nxb6 22. Bb5 Rd5 23. Bxc6+ bxc6 24. Rc1 Kd7 25. Re4 c5 1/2-1/2

[Event "NCL978b Wessex-Nidum Kts"]
[Site "Rd9"]
[Date "1998.05.23"]
[Round "9.7"]
[White "Brameld, Arthur"]
[Black "Jones, Richard S"]
[Result "0-1"]
[WhiteElo "2072"]
[BlackElo "2045"]
[PlyCount "80"]
[EventDate "1998.05.23"]

1. e4 c5 2. Nf3 d6 3. d4 cxd4 4. Qxd4 Nc6 5. Bb5 Bd7 6. Bxc6 Bxc6 7. Nc3 Nf6 8.
Bg5 h6 9. Bxf6 gxf6 10. O-O-O Qa5 11. Kb1 O-O-O 12. Qc4 e6 13. Nd4 Qc7 14. Nxc6
Qxc6 15. Qd4 Bg7 16. Qxa7 f5 17. exf5 Bxc3 18. bxc3 Kc7 19. Qa5+ Kd7 20. Rhe1
d5 21. c4 Qxc4 22. fxe6+ fxe6 23. Qb6 Qc6 24. Qxc6+ bxc6 25. Rd3 Rhg8 26. g3
Kd6 27. Rde3 Rg6 28. f4 Rb8+ 29. Kc1 Ra8 30. a3 Ra4 31. R1e2 c5 32. Kb2 c4 33.
Re5 Rf6 34. Re1 Ra6 35. Rh5 Kc5 36. Ka2 Kd4 37. Rhe5 c3 38. Rd1+ Kc4 {#} 39.
Rd3 $4 Rf7 40. Ree3 Rxa3+ 0-1

[Event "NCL978b Wessex-Nidum Kts"]
[Site "Rd9"]
[Date "1998.05.23"]
[Round "9.8"]
[White "Wilson, Julie"]
[Black "Howard, Emily"]
[Result "0-1"]
[WhiteElo "1728"]
[BlackElo "2045"]
[PlyCount "90"]
[EventDate "1998.05.23"]

1. d4 Nf6 2. c4 e6 3. Nf3 b6 4. Bg5 Be7 5. Nc3 Bb7 6. e3 O-O 7. Bd3 d5 8. Qc2
h6 9. Bh4 Na6 10. a3 dxc4 11. Bxc4 c5 12. O-O-O cxd4 13. Rxd4 Qc8 14. Nb5 Nc5
15. Bxf6 Bxf6 16. Nd6 Qc7 17. Rd2 Rfd8 18. Rhd1 Bc6 19. Ne1 Be5 20. Nb5 Rxd2
21. Rxd2 Bxb5 22. Bxb5 Nb3+ 23. Kd1 Nxd2 24. Qxc7 Bxc7 25. Kxd2 Rd8+ 26. Nd3
Kf8 27. h3 Ke7 28. Ke2 Bd6 29. f4 f6 30. Kf3 Rc8 31. g4 Rc2 32. e4 Bc5 33. e5
Bd4 34. exf6+ gxf6 35. b3 Rh2 36. Kg3 Re2 37. Bc4 Re3+ 38. Kg2 Kd6 39. a4 e5
40. h4 e4 41. Nb4 Rf3 42. f5 Rf2+ 43. Kg3 e3 44. Ba6 Be5+ 45. Kh3 Rh2# 0-1

[Event "NCL978b Invicta2-Coulsdon"]
[Site "Rd9"]
[Date "1998.05.23"]
[Round "9.1"]
[White "Dickenson, Neil"]
[Black "Pigott, John"]
[Result "0-1"]
[WhiteElo "2320"]
[BlackElo "2360"]
[PlyCount "50"]
[EventDate "1998.05.23"]

1. d4 Nf6 2. c4 e6 3. Nf3 b6 4. Nc3 Bb7 5. Bg5 h6 6. Bh4 g5 7. Bg3 Nh5 8. Be5
f6 9. Qc2 fxe5 10. Qg6+ Ke7 11. Qxh5 exd4 12. Nb5 Bg7 13. h4 Bxf3 14. exf3 a6
15. Qg6 Rg8 16. hxg5 axb5 17. gxh6 Bf6 18. Qh7+ Kf8 19. Qe4 d5 20. Qxe6 dxc4
21. h7 Rh8 22. O-O-O Qd6 23. Qc8+ Kf7 24. Qf5 Qe5 25. Qxe5 Bxe5 0-1

[Event "NCL978b Invicta2-Coulsdon"]
[Site "Rd9"]
[Date "1998.05.23"]
[Round "9.2"]
[White "Dunworth, Chris"]
[Black "Vigus, James"]
[Result "1-0"]
[WhiteElo "2310"]
[BlackElo "2260"]
[PlyCount "87"]
[EventDate "1998.05.23"]

1. d4 Nf6 2. Bg5 Ne4 3. Bf4 d5 4. f3 Nf6 5. e4 dxe4 6. Nc3 Bf5 7. Qd2 e6 8.
O-O-O Bb4 9. a3 Bxc3 10. Qxc3 Nd5 11. Qd2 Nxf4 12. Qxf4 Qd6 13. Qg5 O-O 14. g4
Bg6 15. h4 f5 16. h5 Be8 17. h6 g6 18. fxe4 fxe4 19. Bc4 Nd7 20. Ne2 Nb6 21.
Bb3 Bc6 22. Rhf1 Nd5 23. c4 Qe7 24. Qd2 Nf6 25. d5 Bd7 26. Nc3 Nxg4 27. c5 e3
28. Qe2 Nf2 29. dxe6 Bc6 30. Rd4 Rf5 31. Qxe3 Ng4 32. Qe1 Rxf1 33. Qxf1 Nxh6
34. Kb1 Nf5 35. Nd5 Qxc5 36. Rd1 Kg7 37. Qe1 {#} Qd6 38. Nb6 (38. Qc3+) 38...
Qxd1+ 39. Bxd1 axb6 40. Qe5+ Kg8 41. e7 Nd6 42. Bb3+ Nf7 43. Qf4 Be8 44. Qxc7
1-0

[Event "NCL978b Invicta2-Coulsdon"]
[Site "Rd9"]
[Date "1998.05.23"]
[Round "9.3"]
[White "Hanreck, Alan"]
[Black "Harley, Andrew"]
[Result "1/2-1/2"]
[WhiteElo "2255"]
[BlackElo "2305"]
[PlyCount "55"]
[EventDate "1998.05.23"]

1. c4 Nf6 2. Nc3 c5 3. g3 d5 4. cxd5 Nxd5 5. Bg2 Nc7 6. d3 e5 7. f4 exf4 8.
Bxf4 Nc6 9. Bxc6+ bxc6 10. Qa4 Bd7 11. Nf3 Be7 12. Ne5 Ne6 13. O-O Qc8 14. Ne4
O-O 15. Be3 Be8 16. Qc4 Qc7 17. Nf3 Rb8 18. b3 Rb4 19. Qc2 Nd4 20. Nxd4 cxd4
21. a3 Rb5 22. Bxd4 Rh5 23. Qc4 Kh8 24. Qc3 f6 25. b4 Bf7 26. Rf4 Bd5 27. Raf1
Qd7 28. R1f2 1/2-1/2

[Event "NCL978b Invicta2-Coulsdon"]
[Site "Rd9"]
[Date "1998.05.23"]
[Round "9.4"]
[White "Swanson, Stephen"]
[Black "Alfred, Nathan"]
[Result "1-0"]
[WhiteElo "2235"]
[BlackElo "2225"]
[PlyCount "83"]
[EventDate "1998.05.23"]

1. e4 c5 2. Nf3 d6 3. d4 cxd4 4. Qxd4 Nc6 5. Bb5 Bd7 6. Bxc6 Bxc6 7. Nc3 Nf6 8.
Bg5 e6 9. O-O-O Be7 10. Rhe1 O-O 11. Kb1 Qa5 12. Qd2 Qb6 13. Nd4 Rac8 14. f3 a5
15. g4 a4 16. h4 Bd7 17. Be3 Qa6 18. Nce2 Rc4 19. Ng3 Rfc8 20. g5 Ne8 21. Rc1
a3 22. b3 Rc3 23. Nde2 Rxe3 24. Qxe3 d5 25. exd5 Bc5 26. Qd3 Qb6 27. Nf4 Bf2
28. Ne4 Bxe1 29. Rxe1 e5 30. Nh5 Qg6 31. Nhg3 h5 32. d6 Rc6 33. Rd1 Kh8 34. Qd5
f5 35. gxf6 gxf6 36. Qa5 Rc8 37. Qxa3 Ng7 38. Qa7 Ne6 39. Qxb7 Nc5 40. Nxc5
Rxc5 41. Ne4 Bf5 42. d7 1-0

[Event "NCL978b Invicta2-Coulsdon"]
[Site "Rd9"]
[Date "1998.05.23"]
[Round "9.5"]
[White "Farndon, David"]
[Black "Rosen, Daniel"]
[Result "1-0"]
[WhiteElo "2250"]
[BlackElo "2225"]
[PlyCount "139"]
[EventDate "1998.05.23"]

1. d4 f5 2. Nf3 Nf6 3. Bg5 e6 4. c4 Bb4+ 5. Nbd2 O-O 6. a3 Bxd2+ 7. Qxd2 b6 8.
g3 Bb7 9. Bg2 d6 10. O-O Nbd7 11. Rad1 Qe8 12. Qc2 Qh5 13. Bf4 e5 14. dxe5 Ng4
15. h3 Bxf3 16. exf3 Ngxe5 17. Bxe5 Nxe5 18. f4 Nf3+ 19. Kh1 g5 20. Qd3 g4 21.
h4 Rae8 22. Bxf3 gxf3 23. Rfe1 Qg4 24. Kh2 Kf7 25. b4 Re2 26. Rxe2 fxe2 27. Re1
Re8 28. Kg2 Re6 29. f3 Qg6 30. Rxe2 Rxe2+ 31. Qxe2 Qf6 32. Qc2 Kg7 33. Kh3 h5
34. Kg2 c6 35. a4 Qe6 36. Kf2 Kf7 37. b5 cxb5 38. axb5 d5 39. c5 d4 40. c6 Qe3+
41. Kg2 d3 42. Qa2+ Kf6 43. Qf2 Qc5 44. Qxc5 bxc5 45. c7 d2 46. c8=Q d1=Q 47.
Qc6+ Kf7 48. Qxc5 Qe2+ 49. Qf2 Qxb5 50. Qxa7+ Kg6 51. Qa2 Kf6 52. Qd2 Qb1 53.
Qe2 Kf7 54. Kh2 Qc1 55. Kg2 Qc8 56. Qb2 Qc4 57. Qd2 Qc6 58. Qe2 Qd5 59. Kh2 Qd4
60. Qc2 Kf6 61. Kg2 Qe3 62. Qc6+ Kf7 63. Qd5+ Kg6 64. Qg8+ Kf6 65. Qh8+ Kg6 66.
Qg8+ Kf6 67. Qg5+ Ke6 68. Qg6+ Ke7 69. Qg7+ Kd8 70. Qf6+ 1-0

[Event "NCL978b Invicta2-Coulsdon"]
[Site "Rd9"]
[Date "1998.05.23"]
[Round "9.6"]
[White "Moore, Gerald"]
[Black "Gurr, Lyndon"]
[Result "1-0"]
[WhiteElo "2215"]
[BlackElo "2208"]
[PlyCount "105"]
[EventDate "1998.05.23"]

1. Nf3 g6 2. d4 Bg7 3. e4 d6 4. Bc4 Nf6 5. Qe2 c6 6. Bb3 e5 7. dxe5 dxe5 8. O-O
Qe7 9. Nbd2 Be6 10. Bxe6 Qxe6 11. Nc4 Nbd7 12. Rd1 O-O 13. Bg5 Nc5 14. Rd6 Qe7
15. Rad1 Ncxe4 16. Qxe4 Nxe4 17. Bxe7 Nxd6 18. Nxd6 Rfb8 19. Ng5 f6 20. Ne6 a5
21. Nxg7 Kxg7 22. Ne4 f5 23. Bf6+ Kf8 24. Ng5 h6 25. Nh7+ Ke8 26. Rd6 e4 27. h4
Ra6 28. Be5 Rd8 29. Rxg6 Rd1+ 30. Kh2 c5 31. Rg7 Rd2 32. Kg3 Re6 33. Bc3 f4+
34. Kxf4 Rxf2+ 35. Ke3 Rxc2 36. Rxb7 Rxg2 37. Nf6+ Kd8 38. Bxa5+ Kc8 39. Rc7+
Kb8 40. Nd7+ Ka8 41. Nxc5 Reg6 42. Bc3 Rh2 43. Kxe4 Rxh4+ 44. Kd5 Rh1 45. a4 h5
46. a5 h4 47. Be5 h3 48. Rh7 Rd1+ 49. Kc4 Rh1 50. Kb5 h2 51. Rh8+ Ka7 52. Bb8+
Ka8 53. Bc7+ 1-0

[Event "NCL978b Invicta2-Coulsdon"]
[Site "Rd9"]
[Date "1998.05.23"]
[Round "9.7"]
[White "Fenn, Paul"]
[Black "De Coverly, Roger"]
[Result "0-1"]
[WhiteElo "2065"]
[BlackElo "2090"]
[PlyCount "110"]
[EventDate "1998.05.23"]

1. e4 e5 2. Nf3 Nc6 3. Bc4 Be7 4. O-O Nf6 5. d3 O-O 6. Nc3 d6 7. h3 Na5 8. Bb3
Nxb3 9. axb3 c5 10. Be3 Ne8 11. Nd2 Nc7 12. f4 d5 13. Nxd5 Nxd5 14. exd5 exf4
15. Bxf4 Qxd5 16. Qf3 Be6 17. Qxd5 Bxd5 18. Rfe1 Bh4 19. g3 Bf6 20. Be5 Bxe5
21. Rxe5 Rfd8 22. Re7 g6 23. Ra5 Re8 24. Rxa7 Rxa7 25. Rxe8+ Kg7 26. Re1 Ra2
27. Rb1 f5 28. Kf2 Kf6 29. Nf1 b5 30. Ne3 Bc6 31. Nd1 b4 32. Ne3 g5 33. Ke2 f4
34. gxf4 gxf4 35. Nc4 Bd5 36. Rf1 Kg5 37. Kd2 h5 38. Nb6 {(Draw offer)} Bg2 39.
Rg1 f3 40. Nc4 Kh4 41. Ke3 Kxh3 42. Kf2 Kg4 43. Ne3+ Kf4 44. Nxg2+ fxg2 45.
Rxg2 Rxb2 46. Ke1 h4 47. Kd2 Rb1 48. Rf2+ Kg3 {#} 49. Rf5 h3 50. Rg5+ Kh4 51.
Rg8 h2 52. Rh8+ Kg3 53. Rg8+ Kf4 54. Rf8+ Kg5 55. Rg8+ Kf6 0-1

[Event "NCL978b Invicta2-Coulsdon"]
[Site "Rd9"]
[Date "1998.05.23"]
[Round "9.8"]
[White "Turvey, Syringa"]
[Black "Richards, Heather"]
[Result "0-1"]
[WhiteElo "1552"]
[BlackElo "1880"]
[PlyCount "66"]
[EventDate "1998.05.23"]

1. e4 e6 2. d4 d5 3. Nc3 Nf6 4. e5 Ne4 5. Nxe4 dxe4 6. Be3 c5 7. c3 Qb6 8. Qc2
Nc6 9. Ne2 cxd4 10. Bxd4 Nxd4 11. Nxd4 Bd7 12. Be2 Bc5 13. Rd1 Rc8 14. Qb3 O-O
15. Qxb6 Bxb6 16. O-O Rfd8 17. Rd2 Ba4 18. Bd1 Bxd1 19. Rfxd1 Rd5 20. Kf1 Rxe5
21. g3 g6 22. Re1 f5 23. f4 Rd5 24. g4 Rcd8 25. Red1 Bc7 26. c4 R5d6 27. gxf5
exf5 28. Ke2 Ba5 29. c5 Rd5 30. Nb3 Bxd2 31. Nxd2 Rxc5 32. Nxe4 Re8 33. Kf3
fxe4+ 0-1

[Event "NCL978b Bristol2-Gwent Dragons"]
[Site "Rd9"]
[Date "1998.05.23"]
[Round "9.1"]
[White "Easton, Alex"]
[Black "Jones, Iolo"]
[Result "1/2-1/2"]
[WhiteElo "2096"]
[BlackElo "2245"]
[PlyCount "95"]
[EventDate "1998.05.23"]

1. Nf3 Nf6 2. c4 d6 3. d4 Nbd7 4. Nc3 e5 5. e4 Be7 6. Be2 O-O 7. O-O c6 8. Qc2
a6 9. Rd1 Qc7 10. Be3 Re8 11. Rac1 Ng4 12. Bd2 Nf8 13. h3 Nf6 14. Be3 Ng6 15.
b4 Bf8 16. Qb1 Qe7 17. d5 a5 18. a3 axb4 19. axb4 Qc7 20. c5 dxc5 21. bxc5 Qa5
22. d6 Nd7 23. Qb3 h6 24. Bc4 Nh8 25. Ra1 Qxa1 26. Rxa1 Rxa1+ 27. Kh2 Ra8 28.
Na4 b5 29. cxb6 Rb8 30. Qb4 Rd8 31. Nd2 c5 32. Bxc5 Nxc5 33. Qxc5 Bxd6 34. Qa5
Bd7 35. Bd5 Bxa4 {(Draw offer)} 36. Qxa4 Rxb6 37. Nc4 Rbb8 38. Qc6 Rbc8 39. Qa6
Bb8 40. g3 Kh7 41. h4 h5 42. Kg2 Re8 43. Ne3 Rcd8 44. Qb7 Kg8 45. Nf5 Bd6 46.
Qb6 Bf8 47. Qa7 Rc8 48. Qb7 1/2-1/2

[Event "NCL978b Bristol2-Gwent Dragons"]
[Site "Rd9"]
[Date "1998.05.23"]
[Round "9.2"]
[White "Varley, Peter"]
[Black "Cooper, Andrew C"]
[Result "1/2-1/2"]
[WhiteElo "2210"]
[BlackElo "2056"]
[PlyCount "46"]
[EventDate "1998.05.23"]

1. e4 c5 2. c3 Nf6 3. d3 Nc6 4. f4 d6 5. Nf3 g6 6. Be2 Bg7 7. O-O O-O 8. Kh1 c4
9. Nbd2 cxd3 10. Bxd3 a6 11. a4 Bd7 12. Qe2 Qc7 13. Nb3 e5 {(Draw offer)} 14.
fxe5 Nxe5 15. Nxe5 dxe5 16. Be3 Bc6 17. Bc5 Rfd8 18. a5 Qd7 19. Rad1 Qg4 20.
Qxg4 Nxg4 21. h3 Nf6 22. Be7 Rxd3 23. Rxd3 Bb5 1/2-1/2